Guess the WWE Superstar by Image - Statistics

General Stats
  • This quiz has been taken 1,789 times
  • The average score is 18 of 30
Answer Stats
Picture Answer % Correct
Cody Rhodes
78%
Rey Mysterio
77%
Brock Lesnar
76%
John Cena
76%
CM Punk
75%
Jey Uso
75%
Kevin Owens
75%
Logan Paul
75%
Randy Orton
75%
Roman Reigns
75%
AJ Styles
74%
The Miz
74%
Seth Rollins
73%
Sheamus
73%
Rhea Ripley
72%
Becky Lynch
71%
Bobby Lashley
71%
Finn Bálor
71%
Jimmy Uso
71%
Sami Zayn
71%
Gunther
70%
Alexa Bliss
69%
Drew McIntyre
68%
Kofi Kingston
68%
Otis
68%
Solo Sikoa
68%
Nia Jax
67%
Dominik Mysterio
66%
LA Knight
65%
Bayley
64%
Austin Theory
63%
Bron Breakker
63%
Damian Priest
63%
Charlotte Flair
62%
Xavier Woods
62%
Asuka
61%
Iyo Sky
61%
Shinsuke Nakamura
61%
Baron Corbin
56%
Jinder Mahal
56%
Ricochet
56%
Chelsea Green
54%
Natalya
54%
Ludwig Kaiser
52%
Apollo Crews
51%
Johnny Gargano
51%
Zelina Vega
51%
Dakota Kai
48%
Santos Escobar
48%
Butch
47%
Dexter Lumis
47%
Erik
47%
Montez Ford
47%
Raquel Rodriguez
47%
Angelo Dawkins
44%
Tommaso Ciampa
44%
Shayna Baszler
42%
Kairi Sane
41%
Sonya Deville
41%
Cedric Alexander
39%
Giovanni Vinci
36%
Angel Garza
32%
Humberto Carrillo
28%
Veer Mahaan
26%
Alicia Taylor
24%
Guru Raaj
5%
No matching quizzes found
Score Distribution
Percent of People with Each Score
Percentile by Number Answered
Your Score History
You have not taken this quiz